Ideation : The birth and death of ideas

Have you ever had a great idea? Did you do anything with it? Don't worry-you are not alone. Most of us have had great ideas but few of us ever do anything about them. Ideation will tell you what to do, how to find out if anyone has thought of it before, how to protect, develop, fund, and market...

Descripción completa

Guardado en:
Detalles Bibliográficos
Autor principal: Graham, Douglas
Formato: Libro
Lenguaje:Undetermined
Publicado: Hoboken, N.J. John Wiley & Sons 2004
Materias:
Etiquetas: Agregar Etiqueta
Sin Etiquetas, Sea el primero en etiquetar este registro!
Thư viện lưu trữ: Trung tâm Học liệu Trường Đại học Cần Thơ
LEADER 01059nam a2200217Ia 4500
001 CTU_112651
008 210402s9999 xx 000 0 und d
020 |c 519500 
082 |a 153.2 
082 |b G739 
100 |a Graham, Douglas 
245 0 |a Ideation : 
245 4 |b The birth and death of ideas 
245 0 |c Douglas Graham, Thomas T. Bachman 
260 |a Hoboken, N.J. 
260 |b John Wiley & Sons 
260 |c 2004 
520 |a Have you ever had a great idea? Did you do anything with it? Don't worry-you are not alone. Most of us have had great ideas but few of us ever do anything about them. Ideation will tell you what to do, how to find out if anyone has thought of it before, how to protect, develop, fund, and market it-regardless of whether it's business, creative, or scientific in nature, and regardless of whether you are working in a large corporation or at home. 
650 |a Creative ability,Creative ability in business,Intellectual property 
904 |i Minh 
980 |a Trung tâm Học liệu Trường Đại học Cần Thơ